000 00243nam a2200097Ia 4500
001 1052297
005 20250827001243.0
008 250824s9999 xx 000 0 und d
245 0 _aMİLYON SESLİ MIZIKA
_cALİ EMRE
260 _bKETEBE YAYINLARI
999 _c1052297
_d1052297